La Política regional /
Se hace un análisis de las acciones del gobierno de Costa Rica en relación al conflicto centroamericano, durante el año 1988 (participación de Costa Rica en el proceso de Esquipulas II). Posteriormente se presenta un pronóstico de lo que será la política exterior de Costa Rica durante 1989. SM/EB...
Uloženo v:
| Hlavní autor: | |
|---|---|
| Médium: | Text |
| Témata: | |
| Tagy: |
Přidat tag
Žádné tagy, Buďte první, kdo vytvoří štítek k tomuto záznamu!
|
MARC
| LEADER | 00000 a a2200000 04500 | ||
|---|---|---|---|
| 001 | 3972 | ||
| 003 | |||
| 040 | |||
| 100 | |a Sojo Obando, Carlos | ||
| 245 | |a La Política regional / |c Carlos Sojo Obando | ||
| 520 | |a Se hace un análisis de las acciones del gobierno de Costa Rica en relación al conflicto centroamericano, durante el año 1988 (participación de Costa Rica en el proceso de Esquipulas II). Posteriormente se presenta un pronóstico de lo que será la política exterior de Costa Rica durante 1989. SM/EB | ||
| 650 | |a POLITICA REGIONAL | ||
| 650 | |a CRISIS POLITICA | ||
| 650 | |a PLANES DE PAZ | ||
| 650 | |a PARLAMENTO CENTROAMERICANO | ||
| 650 | |a POLITICA EXTERIOR | ||
| 773 | |g número 28; páginas 31-36 | ||
| 999 | |c 36482 |d 36482 | ||
